000 01160nam a22002417a 4500
999 _c57875
_d57875
005 20210323124658.0
008 210323s2015 enk||||| |||| 00| 0 eng d
020 _a9781784416485
041 _aeng
080 _a376.2 I-57
245 _aInclusive Pedagogy Across the Curriculum /
_cEdited by Chris Forlin; Volume editor Joanne Deppeler , Volume editor Tim Loreman , Volume editor Lani Florian , Volume editor Ron Smith
264 _aBingley :
_bEmerald Publishing,
_c2015.
300 _a293 p.
_b24 cm.
440 _aInternational Perspectives on Inclusive Education;
_910656
_vVolume 7.
653 _aინკლუზიური პედაგოგიკა სასწავლო გეგმის მასშტაბით
653 _aგანათლება
700 _aDeppeler , Joanne
_eრედაქტორი
_910657
700 _aLoreman , Tim
_eრედაქტორი
_910658
700 _aFlorian , Lani
_eრედაქტორი
_910659
700 _aRon Smith ,
_eრედაქტორი
_910660
700 _aForlin, Chris
_eსერიის რედაქტორი
_910661
942 _2udc
_cBK